01549cam a2200349 i 450000100060000000300100000600500170001600800410003302000180007404000520009204100080014408200250015210000260017724501210020326400500032426400110037430000180038533600220040333700190042533800210044450000340046550100140049950502480051353401600076160000290092165000400095065100210099072000300101194200070104195201340104899900170118220379CO-MdFUSB20190202100234.0161003b xxu||||| |||| 00| 0 eng d a0-88344-711-8 aCO-MdFUSBbEspañolcCO-MdFUSBdCO-MdFUSBerda aeng 224aG 232.098bB981w1 aBussman, Clauseautor10aWho do you say? bJesus Christ in Latin American Theologyc / Claus Bussman ; traducido por German y Robert R. Barr 1aMaryknoll, New York : bOrbis Books,c℗1984 4c©1985 a185 páginas 2rdacontenta1ba1 2rdamediaa2b5 2rdacarriera2b5 aIncluye índcie (p. 179-185) aRústico00aAntecedentes -- La teología de la liberación -- Consultas críticas en la teología de la liberación -- Teología de la cautividad - Interés en Jesús -- Volviendo a Jesús -- Muerte y resurrección de Jesús -- El reino de Dios cBefreiung durch Jesus? Die christologie der lateinamerikanischen befreiungstheologie, ©1980 por KÖsel-Verlag GmbH & Co., MunichpPublicación original:07aJesucristoxHistoricidad 0aTeología doctrinalxHistoria9159 7aAmérica latina aRobert R. Barretraductor cBK 00102ddc40708GENaFUSBCbFUSBCd2015-07-23l0oG 232.098 B981wp20492r2019-12-12 00:00:00tEj. 1w2016-01-26yBKB0IINV2023 c46730d46730